MARC

LEADER 00000nam a2200000Ia 4500
001 14378
008 160829s2002 xx 000 0 cat d
020 |a 84-7794-876-3 
080 |a M-4-216 
100 |a Villalante i Llauradó, Manuel  |9 25649 
245 |a Guia de senyalització viària urbana / Manuel Villalante i Llauradó 
260 |a [Barcelona] :  |b Diputació de Barcelona, Xarxa de Municipis, Àrea de Cooperació,  |c 2002 
300 |a 163 p. :  |b  il. ;  |c 24 cm 
490 |a Espai públic urbà ; 6 
590 |a Bibliografia 
650 |a Senyals de circulació   |9 25650 
650 |a Rètols  |9 25651 
710 1 |a Barcelona (Catalunya : Província).  |b Àrea de Cooperació  |9 54368 
901 |a Arxiu 
942 |n 1 
952 |0 0  |1 0  |4 0  |6 M4216  |7 1  |9 43722  |a Arxiu  |b Arxiu  |d 2016-12-01  |l 0  |o M-4-216  |p 14378  |r 2016-12-01 00:00:00  |w 2016-12-01  |y ARXIU 
999 |c 46270  |d 46270